[Event "BL 1617 SV Hockenheim - OSG Baden Baden"]
[Site "?"]
[Date "2016.12.03"]
[Round "5.8"]
[White "Baramidze, David"]
[Black "Naiditsch, Arkadij"]
[Result "0-1"]
[WhiteElo "2603"]
[BlackElo "2687"]
[PlyCount "62"]
[EventDate "2016.??.??"]

1. e4 c5 2. Nf3 Nc6 3. d4 cxd4 4. Nxd4 Qb6 5. Nb3 Nf6 6. Nc3 e6 7. Qe2 Bb4 8.
Bd2 a5 9. a3 Bxc3 10. Bxc3 e5 11. O-O-O O-O 12. Kb1 Rd8 13. f3 a4 14. Nc1 d5
15. Qb5 Qc7 16. exd5 Bf5 17. Bc4 Nd4 18. Bxd4 exd4 19. Rxd4 Ra5 20. Qb4 Raxd5
21. Rxd5 Nxd5 22. Qxa4 Nb6 23. Qa5 Bxc2+ 24. Kxc2 Rd5 25. Re1 h5 26. Re8+ Kh7
27. Qe1 Nxc4 28. Kb1 Nd2+ 29. Ka1 Qc2 30. Ne2 Nb3+ 31. Ka2 Rd1 0-1

[Event "BL 1617 SV Griesheim - SP Schwegenheim"]
[Site "?"]
[Date "2016.12.03"]
[Round "5.1"]
[White "Neiksans, Arturs"]
[Black "Georgiadis, Nicolas"]
[Result "0-1"]
[WhiteElo "2631"]
[BlackElo "2464"]
[PlyCount "100"]
[EventDate "2016.??.??"]

1. e4 c5 2. Nf3 d6 3. d4 cxd4 4. Nxd4 Nf6 5. f3 e5 6. Nb3 Be7 7. c4 a5 8. Be3
a4 9. Nc1 O-O 10. Nc3 Qa5 11. Qd2 Be6 12. Be2 Nc6 13. Nd5 Qxd2+ 14. Kxd2 Bd8
15. Nd3 Ba5+ 16. Kc2 Rfc8 17. Kb1 a3 18. Rc1 Bxd5 19. cxd5 Nd4 20. Bxd4 exd4
21. b4 Bd8 22. Rc2 Nd7 23. f4 f5 24. exf5 Bf6 25. Kc1 Nb6 26. Rxc8+ Rxc8+ 27.
Kd2 Nc4+ 28. Ke1 Nb2 29. Kd2 Nc4+ 30. Ke1 Ne3 31. Kf2 Rc2 32. Rc1 Rxa2 33. Rc8+
Kf7 34. Rc7+ Ke8 35. Rxb7 Rc2 36. Ra7 a2 37. b5 Nxd5 38. Ke1 Nxf4 39. b6 Rxe2+
40. Kd1 Nxd3 41. Kxe2 Nc5 42. Rxa2 Kd7 43. Kf3 d3 44. b7 Kc7 45. g3 Kxb7 46. h4
Kb6 47. Ke3 Kb5 48. Ra7 h5 49. Ra2 Kc4 50. Rg2 Bd4+ 0-1

[Event "BL 1617 SV Griesheim - SP Schwegenheim"]
[Site "?"]
[Date "2016.12.03"]
[Round "5.2"]
[White "Krassowizkij, Jaroslaw"]
[Black "Horvath, Adam"]
[Result "1-0"]
[WhiteElo "2446"]
[BlackElo "2501"]
[PlyCount "81"]
[EventDate "2016.??.??"]

1. g3 Nf6 2. Bg2 d5 3. Nf3 e6 4. c4 dxc4 5. Na3 Bxa3 6. bxa3 b5 7. Ne5 c6 8.
Nxc6 Qd6 9. Ne7 Kxe7 10. Bxa8 Nc6 11. d4 Rd8 12. Bg5 Nxd4 13. O-O Qxa3 14. e3
Nc6 15. Qh5 Bd7 16. Bxc6 Bxc6 17. Qxh7 Qd3 18. Qxg7 Qf5 19. f3 c3 20. e4 Qe5
21. Rae1 Rd3 22. Re3 Rxe3 23. Bxe3 c2 24. Bg5 b4 25. Rc1 Ba4 26. Kg2 a5 27. h4
b3 28. axb3 Bxb3 29. Qxf6+ Qxf6 30. Bxf6+ Kxf6 31. Kf2 a4 32. Ke3 a3 33. Kd2 a2
34. Kc3 Ba4 35. Kb2 Ke5 36. Kxa2 f5 37. exf5 exf5 38. Kb2 f4 39. gxf4+ Kxf4 40.
Rxc2 Be8 41. Rc5 1-0

[Event "BL 1617 SV Griesheim - SP Schwegenheim"]
[Site "?"]
[Date "2016.12.03"]
[Round "5.3"]
[White "Ruck, Robert"]
[Black "Tazbir, Marcin"]
[Result "1/2-1/2"]
[WhiteElo "2561"]
[BlackElo "2526"]
[PlyCount "40"]
[EventDate "2016.??.??"]

1. Nf3 Nf6 2. c4 e6 3. Nc3 d5 4. d4 Bb4 5. Bg5 h6 6. Bxf6 Qxf6 7. e3 O-O 8. Rc1
c6 9. a3 Be7 10. Bd3 Nd7 11. O-O g6 12. e4 dxe4 13. Nxe4 Qg7 14. Re1 e5 15. Nc3
exd4 16. Rxe7 dxc3 17. Rxc3 Qf6 18. Qe1 Nc5 19. Re5 Nxd3 20. Rxd3 Be6 1/2-1/2

[Event "BL 1617 SV Griesheim - SP Schwegenheim"]
[Site "?"]
[Date "2016.12.03"]
[Round "5.4"]
[White "Jarmula, Lukasz"]
[Black "Nemeth, Miklos"]
[Result "1/2-1/2"]
[WhiteElo "2466"]
[BlackElo "2463"]
[PlyCount "113"]
[EventDate "2016.??.??"]

1. e4 e5 2. Nf3 Nc6 3. d4 exd4 4. Bc4 Nf6 5. e5 d5 6. Bb5 Ne4 7. Nxd4 Bd7 8.
Bxc6 bxc6 9. O-O Bc5 10. f3 Ng5 11. f4 Ne4 12. Be3 Qe7 13. Nd2 Nxd2 14. Qxd2
Bb6 15. Nb3 O-O 16. Qc3 f6 17. Bc5 fxe5 18. fxe5 Rxf1+ 19. Rxf1 Rf8 20. Rxf8+
Qxf8 21. Qe3 Qe8 22. a4 Qh5 23. h3 Qd1+ 24. Kh2 Qxc2 25. a5 Bxc5 26. Nxc5 Bf5
27. e6 Be4 28. Nxe4 Qxe4 29. Qxa7 Qe5+ 30. Kh1 Qe1+ 31. Qg1 Qxe6 32. a6 Qc8 33.
Qa1 d4 34. a7 Qa8 35. Kg1 d3 36. Kf2 c5 37. Qa2+ Kf8 38. Qa5 d2 39. Qxc5+ Ke8
40. Qe3+ Kd7 41. Qd3+ Ke7 42. Qa3+ Kd7 43. Qa4+ Kd8 44. Ke2 Qxg2+ 45. Kd1 Qa8
46. Kxd2 g5 47. Ke3 h5 48. Kd4 g4 49. h4 Kc8 50. Qa6+ Kd7 51. b4 g3 52. b5 g2
53. Ke5 g1=Q 54. Qe6+ Kd8 55. Qf6+ Kc8 56. Qe6+ Kd8 57. Qf6+ 1/2-1/2

[Event "BL 1617 SV Griesheim - SP Schwegenheim"]
[Site "?"]
[Date "2016.12.03"]
[Round "5.5"]
[White "Kovacs, Gabor"]
[Black "Walter, Stefan"]
[Result "1/2-1/2"]
[WhiteElo "2468"]
[BlackElo "2411"]
[PlyCount "61"]
[EventDate "2016.??.??"]

1. d4 d5 2. c4 e6 3. Nc3 Be7 4. Bf4 Nf6 5. Nf3 O-O 6. a3 b6 7. e3 Bb7 8. Rc1 c5
9. dxc5 Bxc5 10. Be2 dxc4 11. Bxc4 Qxd1+ 12. Rxd1 Nc6 13. O-O Rfd8 14. Ne5 Nxe5
15. Bxe5 Rac8 16. Be2 Ne8 17. Rxd8 Rxd8 18. Rd1 Rxd1+ 19. Bxd1 Bd6 20. Bxd6
Nxd6 21. Be2 e5 22. f4 f6 23. Kf2 Kf7 24. Bd3 h6 25. fxe5 fxe5 26. Nb5 Nxb5 27.
Bxb5 Bd5 28. g3 Ke6 29. Ke2 a5 30. Kd3 Kd6 31. Kc3 1/2-1/2

[Event "BL 1617 SV Griesheim - SP Schwegenheim"]
[Site "?"]
[Date "2016.12.03"]
[Round "5.6"]
[White "Baskin, Robert"]
[Black "Shytaj, Luca"]
[Result "0-1"]
[WhiteElo "2370"]
[BlackElo "2435"]
[PlyCount "53"]
[EventDate "2016.??.??"]

1. e4 c5 2. Nf3 d6 3. d4 Nf6 4. Nc3 cxd4 5. Nxd4 Bd7 6. Bg5 Bc6 7. Bxf6 gxf6 8.
Qh5 Nd7 9. O-O-O Qb6 10. Bc4 Ne5 11. Bb3 a5 12. f4 a4 13. fxe5 axb3 14. cxb3
Qa5 15. Rhf1 dxe5 16. Ne6 Qb6 17. Rf3 Bxe4 18. Nb5 Bh6+ 19. Qxh6 fxe6 20. Rc3
Kf7 21. Rd7 Qg1+ 22. Rd1 Qb6 23. Rd7 Qxb5 24. Rxe7+ Kxe7 25. Qg7+ Kd6 26. Qc7+
Kd5 27. a4 0-1

[Event "BL 1617 SV Griesheim - SP Schwegenheim"]
[Site "?"]
[Date "2016.12.03"]
[Round "5.7"]
[White "Csonka, Attila Istvan"]
[Black "Grimm, Julius"]
[Result "0-1"]
[WhiteElo "2338"]
[BlackElo "2281"]
[PlyCount "88"]
[EventDate "2016.??.??"]

1. e4 c6 2. d4 d5 3. Nc3 dxe4 4. Nxe4 Bf5 5. Ng3 Bg6 6. h4 h6 7. Nh3 e6 8. Nf4
Bh7 9. Be3 Nf6 10. Bd3 Bxd3 11. Qxd3 Bd6 12. O-O-O Qa5 13. Kb1 Nbd7 14. Bd2 Qc7
15. Qf3 O-O-O 16. Ngh5 Rhg8 17. Nxf6 Nxf6 18. Nd3 Qe7 19. Ba5 Bc7 20. Bb4 Bd6
21. Bxd6 Qxd6 22. Ne5 Rgf8 23. Qg3 Ne4 24. Qe3 Nf6 25. Rhe1 Nd5 26. Qf3 Qc7 27.
g3 Nf6 28. Qa3 Kb8 29. f4 Nd7 30. Nf3 Nf6 31. Ne5 Nd7 32. Rd3 Nb6 33. Qc5 Rfe8
34. c4 Nd7 35. Nxd7+ Rxd7 36. f5 e5 37. Re4 f6 38. Rde3 b6 39. Qa3 Red8 40.
dxe5 Rd1+ 41. Kc2 R8d2+ 42. Kc3 Qd8 43. Kb4 a5+ 44. Ka4 b5+ 0-1

[Event "BL 1617 SV Griesheim - SP Schwegenheim"]
[Site "?"]
[Date "2016.12.03"]
[Round "5.8"]
[White "Spitzl, Vinzent"]
[Black "Kraemer, Enrico"]
[Result "1-0"]
[WhiteElo "2152"]
[BlackElo "2209"]
[PlyCount "41"]
[EventDate "2016.??.??"]

1. e4 c5 2. Nf3 Nc6 3. d4 cxd4 4. Nxd4 e5 5. Nb5 d6 6. N1c3 a6 7. Na3 Be7 8.
Nd5 Nf6 9. Nxf6+ Bxf6 10. Nc4 O-O 11. Be3 Nd4 12. c3 b5 13. cxd4 exd4 14. Bxd4
bxc4 15. Bxf6 Qxf6 16. Bxc4 Bb7 17. Bd5 Bxd5 18. Qxd5 Rab8 19. O-O Rxb2 20.
Rab1 h6 21. e5 1-0

[Event "BL 1617 USV TU Dresden - Schachfr. Berl"]
[Site "?"]
[Date "2016.12.03"]
[Round "5.1"]
[White "Melkumyan, Hrant"]
[Black "Eljanov, Pavel"]
[Result "0-1"]
[WhiteElo "2633"]
[BlackElo "2762"]
[PlyCount "100"]
[EventDate "2016.??.??"]

1. Nf3 Nf6 2. c4 e6 3. Nc3 Bb4 4. Qc2 O-O 5. a3 Bxc3 6. Qxc3 a5 7. b4 d6 8. Bb2
e5 9. g3 Bd7 10. Bg2 Qc8 11. O-O Bh3 12. d3 Bxg2 13. Kxg2 Qd7 14. b5 Qe8 15. e4
Nbd7 16. Nh4 Nc5 17. Nf5 Nfd7 18. Qc2 f6 19. a4 Ne6 20. Qd1 Ndc5 21. Ne3 Qd7
22. f3 c6 23. Ra3 Nd4 24. Bxd4 exd4 25. Nc2 Ne6 26. Qa1 c5 27. Ra2 f5 28. exf5
Rxf5 29. Ne1 Re8 30. Qd1 d5 31. Re2 Rff8 32. Kh1 Nc7 33. Ng2 dxc4 34. dxc4 Qf7
35. Qd3 Rxe2 36. Qxe2 Na8 37. Nf4 Nb6 38. Nd3 Nxa4 39. Ne5 Qe6 40. f4 Nc3 41.
Qf3 b6 42. Re1 a4 43. Qb7 a3 44. Nf3 Qf6 45. Ne5 a2 46. Kg2 Qe6 47. Qa7 h6 48.
Nf3 Qf6 49. h4 Qg6 50. Re7 Ne4 0-1

[Event "BL 1617 USV TU Dresden - Schachfr. Berl"]
[Site "?"]
[Date "2016.12.03"]
[Round "5.2"]
[White "Almasi, Zoltan"]
[Black "Piorun, Kacper"]
[Result "1/2-1/2"]
[WhiteElo "2703"]
[BlackElo "2657"]
[PlyCount "44"]
[EventDate "2016.??.??"]

1. Nf3 Nf6 2. c4 c5 3. Nc3 Nc6 4. g3 d5 5. cxd5 Nxd5 6. Bg2 Nc7 7. a3 g6 8. d3
Bg7 9. Be3 b6 10. Qa4 Bd7 11. Qh4 O-O 12. O-O e5 13. Bg5 f6 14. Bh6 Bxh6 15.
Qxh6 Ne6 16. e3 Rc8 17. Qh4 Ng7 18. Rfd1 Na5 19. Rab1 g5 20. Qh6 Nf5 21. Qh5
Ng7 22. Qh6 Nf5 1/2-1/2

[Event "BL 1617 USV TU Dresden - Schachfr. Berl"]
[Site "?"]
[Date "2016.12.03"]
[Round "5.3"]
[White "Kraemer, Martin"]
[Black "Nisipeanu, Liviu-Dieter"]
[Result "1/2-1/2"]
[WhiteElo "2573"]
[BlackElo "2680"]
[PlyCount "66"]
[EventDate "2016.??.??"]

1. d4 Nf6 2. c4 e6 3. Nf3 d5 4. g3 dxc4 5. Bg2 c5 6. O-O Nc6 7. Qa4 Bd7 8. Qxc4
Rc8 9. dxc5 Na5 10. Qd3 Bxc5 11. Ne5 Nc6 12. Nxd7 Nxd7 13. Nc3 O-O 14. Ne4 Be7
15. Bf4 Nb6 16. Nd6 Nb4 17. Qd1 Rc7 18. Nxb7 Qxd1 19. Rfxd1 Rc2 20. a3 N4d5 21.
Rd2 Rxd2 22. Bxd2 Nc4 23. Bxd5 exd5 24. Bb4 Rb8 25. Bxe7 Rxb7 26. Bc5 Rxb2 27.
Bxa7 Rxe2 28. a4 Re6 29. Bd4 f6 30. Bc3 Kf7 31. Kf1 d4 32. Bb4 d3 33. a5 d2
1/2-1/2

[Event "BL 1617 USV TU Dresden - Schachfr. Berl"]
[Site "?"]
[Date "2016.12.03"]
[Round "5.4"]
[White "Gajewski, Grzegorz"]
[Black "Mista, Aleksander"]
[Result "1-0"]
[WhiteElo "2612"]
[BlackElo "2592"]
[PlyCount "93"]
[EventDate "2016.??.??"]

1. c4 g6 2. e4 c5 3. Nf3 Bg7 4. d4 cxd4 5. Nxd4 Nc6 6. Nc2 d6 7. Be2 Nf6 8. Nc3
Nd7 9. Bd2 Nc5 10. b4 Ne6 11. O-O O-O 12. Rb1 a5 13. b5 Ncd4 14. Nxd4 Nxd4 15.
Na4 e5 16. Be3 Be6 17. Bd3 Rc8 18. Rc1 Kh8 19. Re1 Qc7 20. Qd2 b6 21. f4 f5 22.
fxe5 dxe5 23. c5 bxc5 24. Bxd4 exd4 25. Nxc5 Qd6 26. Nxe6 Rxc1 27. Qxc1 Qxe6
28. exf5 Qxa2 29. fxg6 a4 30. Rf1 Rxf1+ 31. Kxf1 hxg6 32. Qc8+ Qg8 33. Qh3+ Qh7
34. Qe6 Qh6 35. Qxg6 Qc1+ 36. Ke2 Qe3+ 37. Kd1 Kg8 38. b6 a3 39. Bc4+ Kh8 40.
b7 Qg1+ 41. Kc2 d3+ 42. Kb3 Qd1+ 43. Kb4 Qe1+ 44. Ka4 Qe5 45. b8=Q+ Qxb8 46.
Qh5+ Bh6 47. Qxh6# 1-0

[Event "BL 1617 USV TU Dresden - Schachfr. Berl"]
[Site "?"]
[Date "2016.12.03"]
[Round "5.5"]
[White "Sprenger, Jan Michael"]
[Black "Paehtz, Elisabeth"]
[Result "1/2-1/2"]
[WhiteElo "2519"]
[BlackElo "2463"]
[PlyCount "68"]
[EventDate "2016.??.??"]

1. e4 e5 2. Nf3 Nc6 3. Bb5 a6 4. Ba4 Nf6 5. O-O Be7 6. Re1 b5 7. Bb3 O-O 8. a4
b4 9. d3 d6 10. Nbd2 Na5 11. Ba2 Be6 12. Nc4 Nxc4 13. Bxc4 Bxc4 14. dxc4 Qe8
15. Nh4 Nd7 16. Nf5 g6 17. Ne3 c6 18. Qf3 Nc5 19. b3 Ne6 20. Qg3 Kh8 21. Bb2
Bf6 22. Rad1 Qe7 23. a5 Bg7 24. Qg4 Qc7 25. Ra1 Rae8 26. c3 Rb8 27. cxb4 Rxb4
28. Qd1 Rb7 29. Ba3 Rd8 30. b4 Nd4 31. Rb1 Qc8 32. Nc2 Qe6 33. Qd3 Rdb8 34. Rb2
h5 1/2-1/2

[Event "BL 1617 USV TU Dresden - Schachfr. Berl"]
[Site "?"]
[Date "2016.12.03"]
[Round "5.6"]
[White "Maiwald, Jens-Uwe"]
[Black "Jakubowski, Krzysztof"]
[Result "0-1"]
[WhiteElo "2453"]
[BlackElo "2531"]
[PlyCount "72"]
[EventDate "2016.??.??"]

1. Nf3 d5 2. g3 c5 3. Bg2 f6 4. c4 d4 5. O-O Nh6 6. d3 Nf7 7. b4 e5 8. e3 dxe3
9. Bxe3 cxb4 10. d4 Nd7 11. Qa4 e4 12. Nh4 Nd6 13. c5 g5 14. cxd6 gxh4 15. Nd2
f5 16. f3 hxg3 17. fxe4 Qh4 18. Nf3 gxh2+ 19. Kh1 Qg3 20. e5 Rg8 21. Bg5 Bh6
22. Qb3 Rg6 23. e6 Bxg5 24. Rae1 Kd8 25. Re2 Bf4 26. exd7 Bxd7 27. Qf7 Bxd6 28.
Qxh7 Bb5 29. Qh8+ Kc7 30. Rc1+ Kb6 31. Qxa8 Bxe2 32. Nh4 Rg7 33. Qd8+ Ka6 34.
Qf6 Rc7 35. Rb1 Bd3 36. Nxf5 Qf4 0-1

[Event "BL 1617 USV TU Dresden - Schachfr. Berl"]
[Site "?"]
[Date "2016.12.03"]
[Round "5.7"]
[White "Schreiner, Peter"]
[Black "Tischbierek, Raj"]
[Result "1-0"]
[WhiteElo "2472"]
[BlackElo "2454"]
[PlyCount "65"]
[EventDate "2016.??.??"]

1. Nf3 d5 2. d4 Nf6 3. c4 c6 4. e3 g6 5. Nc3 Bg7 6. Be2 O-O 7. O-O Ne4 8. Qb3
b6 9. a4 dxc4 10. Bxc4 Nd6 11. Be2 Ba6 12. Qc2 Bxe2 13. Qxe2 c5 14. d5 Nf5 15.
g4 Nh6 16. h3 e6 17. e4 Kh8 18. Bf4 exd5 19. Nxd5 Nc6 20. Rad1 Qc8 21. Nc7 Rb8
22. Nb5 Ra8 23. Qe3 Ng8 24. e5 h6 25. Rd6 Kh7 26. Rfd1 Nge7 27. Nc3 Re8 28. Ne4
Nb4 29. Qb3 Nbd5 30. R1xd5 c4 31. Qd1 Qb7 32. Rd4 Nc6 33. Rxc4 1-0

[Event "BL 1617 USV TU Dresden - Schachfr. Berl"]
[Site "?"]
[Date "2016.12.03"]
[Round "5.8"]
[White "Hoffmann, Paul"]
[Black "Baldauf, Marco"]
[Result "1/2-1/2"]
[WhiteElo "2361"]
[BlackElo "2437"]
[PlyCount "64"]
[EventDate "2016.??.??"]

1. e4 c5 2. Nf3 d6 3. d4 cxd4 4. Nxd4 Nf6 5. f3 e5 6. Nb3 Be6 7. c4 Nbd7 8. Be3
Rc8 9. N3d2 Be7 10. Be2 Nh5 11. g3 O-O 12. O-O g6 13. Nc3 Bg5 14. Bf2 Bh6 15.
Nd5 f5 16. Nb1 Nhf6 17. Nbc3 a6 18. exf5 gxf5 19. b4 Nxd5 20. Nxd5 Nf6 21. Nb6
Rc6 22. c5 d5 23. a4 Qc7 24. Qd3 Rd8 25. Rad1 d4 26. Qb1 Qf7 27. Bd3 Qh5 28.
Rfe1 Qxf3 29. Be2 Qe4 30. Bd3 Qf3 31. Be2 Qe4 32. Bd3 Qf3 1/2-1/2

[Event "BL 1617 Schwäbisch Hall - SK König Te"]
[Site "?"]
[Date "2016.12.03"]
[Round "5.1"]
[White "Stern, Rene"]
[Black "Rodshtein, Maxim"]
[Result "1/2-1/2"]
[WhiteElo "2514"]
[BlackElo "2695"]
[PlyCount "93"]
[EventDate "2016.??.??"]

1. Nf3 d5 2. d4 Nf6 3. c4 e6 4. Bg5 h6 5. Bxf6 Qxf6 6. Nc3 c6 7. e3 g6 8. Qc2
Nd7 9. cxd5 exd5 10. Bd3 Bg7 11. O-O O-O 12. Rab1 a5 13. h3 Qd6 14. Rfc1 Nb6
15. Qb3 Qb4 16. Nd2 Nd7 17. Qc2 Rd8 18. Na4 Bf8 19. Nf3 Qd6 20. Qb3 Qf6 21. Qd1
Re8 22. a3 b5 23. Nc3 Bb7 24. a4 b4 25. Ne2 Red8 26. b3 Rac8 27. Rc2 Rc7 28.
Rbc1 Rdc8 29. Nf4 Bd6 30. g3 c5 31. dxc5 Rxc5 32. Nd4 h5 33. Bb5 Ne5 34. h4 Rc3
35. Qd2 R8c7 36. Be2 Ng4 37. Bxg4 hxg4 38. Nfe2 Rxc2 39. Rxc2 Qe7 40. Rxc7 Bxc7
41. Qd3 Qd7 42. Kf1 Be5 43. Ke1 Qc7 44. Kd1 Qb6 45. Qb5 Qxb5 46. Nxb5 Kf8 47.
Kd2 1/2-1/2

[Event "BL 1617 Schwäbisch Hall - SK König Te"]
[Site "?"]
[Date "2016.12.03"]
[Round "5.2"]
[White "Matlakov, Maxim Sergeevich"]
[Black "Richter, Michael"]
[Result "1-0"]
[WhiteElo "2694"]
[BlackElo "2504"]
[PlyCount "59"]
[EventDate "2016.??.??"]

1. d4 d5 2. c4 e6 3. Nf3 c6 4. e3 f5 5. Bd3 Nf6 6. O-O Bd6 7. b3 Qe7 8. Bb2 O-O
9. Nc3 Ne4 10. Ne2 b6 11. Rc1 Bb7 12. Ne5 Nd7 13. f3 Nec5 14. Bb1 Nxe5 15. dxe5
Bb8 16. cxd5 cxd5 17. f4 a5 18. Nd4 a4 19. b4 a3 20. Ba1 Ne4 21. b5 Nc5 22. g4
g6 23. Rc2 Rf7 24. Rg2 Kf8 25. gxf5 exf5 26. h4 Qxh4 27. e6 Re7 28. Nxf5 gxf5
29. Qd4 Rxe6 30. Rg8+ 1-0

[Event "BL 1617 Schwäbisch Hall - SK König Te"]
[Site "?"]
[Date "2016.12.03"]
[Round "5.3"]
[White "Moreno Tejera, Emilio"]
[Black "Laznicka, Viktor"]
[Result "0-1"]
[WhiteElo "2436"]
[BlackElo "2661"]
[PlyCount "170"]
[EventDate "2016.??.??"]

1. e4 d5 2. exd5 Qxd5 3. Nc3 Qa5 4. Bc4 Nf6 5. d3 Bg4 6. f3 Bd7 7. Bd2 Qb6 8.
Qe2 Nc6 9. Na4 Qd4 10. Be3 Qe5 11. Nc3 Nd4 12. Bxd4 Qxd4 13. Qd2 g6 14. Nge2
Qh4+ 15. Ng3 Bg7 16. O-O O-O 17. Rae1 e6 18. Nce4 a5 19. c3 a4 20. a3 Rad8 21.
Nxf6+ Qxf6 22. d4 b6 23. Qe2 Qf4 24. Ne4 c6 25. Nf2 Bc8 26. Nd3 Qc7 27. Qe3 Rd6
28. f4 Rfd8 29. Rf2 Qa7 30. Ne5 Ba6 31. Qf3 c5 32. dxc5 bxc5 33. Qe4 Bxc4 34.
Nxc4 Rd5 35. Ne3 Rd3 36. Nc4 Qa6 37. Ne5 Rd1 38. h3 h5 39. Rxd1 Rxd1+ 40. Kh2
h4 41. Nf3 Bf6 42. Rd2 Rc1 43. Qe2 Qxe2 44. Rxe2 Rf1 45. Re4 Rf2 46. Rxa4 Rxb2
47. Rc4 Be7 48. Kg1 Ra2 49. a4 f5 50. Kf1 Kg7 51. Ne5 g5 52. fxg5 Bxg5 53. Rxc5
Be3 54. Rc6 Kf6 55. Nd3 Rxa4 56. Ke2 Ba7 57. Nb4 Ra5 58. Rc4 Kg5 59. Rc7 Re5+
60. Kf1 Be3 61. Nc2 Bf4 62. Nd4 Kf6 63. Rc8 Bg3 64. Ne2 Ra5 65. Nd4 Ra1+ 66.
Ke2 Re1+ 67. Kd2 Re4 68. Kd3 Bf2 69. Rf8+ Kg5 70. Rg8+ Kf4 71. Ne2+ Ke5 72. Rb8
Ra4 73. Rb1 Ra5 74. Rf1 Rd5+ 75. Kc4 Be3 76. Re1 f4 77. Nd4 Kf6 78. Nf3 Rd8 79.
Re2 e5 80. Nxh4 Kg5 81. Nf3+ Kf5 82. Ne1 e4 83. g3 Rd2 84. Rg2 Bf2 85. gxf4
Bxe1 0-1

[Event "BL 1617 Schwäbisch Hall - SK König Te"]
[Site "?"]
[Date "2016.12.03"]
[Round "5.4"]
[White "Le Roux, Jean-Pierre"]
[Black "Muse, Mladen"]
[Result "0-1"]
[WhiteElo "2552"]
[BlackElo "2387"]
[PlyCount "88"]
[EventDate "2016.??.??"]

1. e4 g6 2. d4 Bg7 3. Nf3 c6 4. Nbd2 d5 5. c3 Nh6 6. Bd3 O-O 7. O-O f6 8. c4 e6
9. b4 a5 10. b5 dxc4 11. Bxc4 cxb5 12. Bxb5 Na6 13. Rb1 Nc7 14. Bd3 b5 15. a4
b4 16. Nc4 Nf7 17. Qb3 Bb7 18. Bf4 Na6 19. Rbd1 Rc8 20. Rfe1 Kh8 21. h3 e5 22.
Be3 exd4 23. Bxd4 Nc5 24. Bxc5 Rxc5 25. Bf1 Qe7 26. Nd4 Ne5 27. Nb5 Nxc4 28.
Bxc4 Ba6 29. Bf1 Bxb5 30. Bxb5 Rc3 31. Qb1 Rfc8 32. Rd7 Qe5 33. Qd1 h5 34. Ra7
b3 35. Ba6 R8c7 36. Rxc7 Qxc7 37. e5 fxe5 38. Bd3 Qd6 39. Be4 Qxd1 40. Rxd1 Bf8
41. Kf1 Rc4 42. Bd5 Rb4 43. Ke2 b2 44. Rb1 Bh6 0-1

[Event "BL 1617 Schwäbisch Hall - SK König Te"]
[Site "?"]
[Date "2016.12.03"]
[Round "5.5"]
[White "Bruedigam, Martin"]
[Black "Michalik, Peter"]
[Result "0-1"]
[WhiteElo "2412"]
[BlackElo "2551"]
[PlyCount "80"]
[EventDate "2016.??.??"]

1. e4 e5 2. Nf3 Nc6 3. Bc4 Bc5 4. b4 Bxb4 5. c3 Ba5 6. d4 d6 7. Qb3 Qd7 8. dxe5
Bb6 9. Nbd2 Na5 10. Qc2 Nxc4 11. Nxc4 d5 12. Ncd2 dxe4 13. Nxe4 Qc6 14. O-O Bg4
15. Neg5 Bxf3 16. Nxf3 O-O-O 17. Qf5+ Qd7 18. Qe4 Ne7 19. Bg5 h6 20. Bxe7 Qxe7
21. a4 a5 22. Rab1 Qd7 23. Rb5 Qc6 24. Qf4 Qxc3 25. Qxf7 Rhf8 26. Qxg7 Rg8 27.
Qf7 Rdf8 28. Qe6+ Kb8 29. Rb3 Qc2 30. Rxb6 cxb6 31. Qd6+ Ka8 32. Ne1 Qxa4 33.
Qxb6 Rc8 34. f4 Rge8 35. Qe3 Rc4 36. g3 Qc6 37. Nf3 Rc3 38. Qe2 a4 39. f5 a3
40. e6 Qc5+ 0-1

[Event "BL 1617 Schwäbisch Hall - SK König Te"]
[Site "?"]
[Date "2016.12.03"]
[Round "5.6"]
[White "Womacka, Mathias"]
[Black "Fruebing, Stefan"]
[Result "1-0"]
[WhiteElo "2424"]
[BlackElo "2371"]
[PlyCount "47"]
[EventDate "2016.??.??"]

1. e4 c5 2. Nf3 d6 3. d4 cxd4 4. Nxd4 Nf6 5. Nc3 g6 6. Be3 Bg7 7. f3 O-O 8. Qd2
Nc6 9. O-O-O d5 10. exd5 Nxd5 11. Nxc6 bxc6 12. Bd4 Bxd4 13. Qxd4 Qb6 14. Na4
Qa5 15. b3 Be6 16. Bc4 Rfd8 17. Qe5 Qb4 18. h4 Rd6 19. h5 Qa3+ 20. Kb1 Nb4 21.
Nc3 Bxc4 22. h6 Rf6 23. Qxe7 Nxc2 24. Qxf6 1-0

[Event "BL 1617 Schwäbisch Hall - SK König Te"]
[Site "?"]
[Date "2016.12.03"]
[Round "5.7"]
[White "Muse, Drazen"]
[Black "Raykhman, Alexander"]
[Result "1/2-1/2"]
[WhiteElo "2358"]
[BlackElo "2412"]
[PlyCount "108"]
[EventDate "2016.??.??"]

1. d4 Nf6 2. Bf4 g6 3. e3 Bg7 4. Nf3 O-O 5. Be2 d6 6. c3 Nfd7 7. h3 e5 8. dxe5
dxe5 9. Bh2 Nc6 10. Nbd2 a5 11. a4 Nc5 12. Qc2 Qe7 13. O-O Rd8 14. e4 Ne6 15.
Rfe1 Nf4 16. Bf1 Qf6 17. Bg3 h6 18. Rad1 Be6 19. Nh2 Nh5 20. Nc4 Bf8 21. Re3
Bc5 22. Rf3 Qg5 23. h4 Qe7 24. Nxe5 Nxg3 25. Nxc6 bxc6 26. Rxg3 Qxh4 27. Rxd8+
Rxd8 28. Rf3 h5 29. Be2 Re8 30. b4 Bd6 31. g3 Qg5 32. Re3 h4 33. Nf3 Qh6 34.
Nxh4 Bxg3 35. Rxg3 Qxh4 36. bxa5 Kg7 37. c4 Rh8 38. Qc3+ f6 39. Bf3 Qf4 40. a6
Ra8 41. Qb4 Bf7 42. Be2 Qxe4 43. Bd3 Qe5 44. Qb7 Qe1+ 45. Bf1 Rd8 46. Re3 Qc1
47. Kg2 Rd1 48. Qxc6 Rxf1 49. a7 Rg1+ 50. Kh2 Rg5 51. Rg3 Rh5+ 52. Rh3 Rg5 53.
Rg3 Rh5+ 54. Rh3 Rg5 1/2-1/2

[Event "BL 1617 Schwäbisch Hall - SK König Te"]
[Site "?"]
[Date "2016.12.03"]
[Round "5.8"]
[White "Zpevak, Pavel"]
[Black "Von Herman, Ulf"]
[Result "1/2-1/2"]
[WhiteElo "2355"]
[BlackElo "2340"]
[PlyCount "114"]
[EventDate "2016.??.??"]

1. d4 Nf6 2. c4 e6 3. Nf3 d5 4. g3 Bb4+ 5. Bd2 a5 6. cxd5 exd5 7. Bg2 O-O 8.
O-O Re8 9. Bf4 Bd6 10. Bxd6 Qxd6 11. Nc3 Bf5 12. Nh4 Be6 13. Qc2 c6 14. a3 Nbd7
15. Rad1 Nb6 16. Rfe1 Rec8 17. Nf3 g6 18. Nd2 Qd8 19. Na4 Bf5 20. Qb3 Nxa4 21.
Qxa4 Qb6 22. e4 dxe4 23. Nxe4 Nxe4 24. Bxe4 Bxe4 25. Rxe4 Qxb2 26. d5 b5 27.
Qd4 Qxd4 28. Rdxd4 cxd5 29. Rxd5 Rab8 30. Rd3 Rc5 31. Re7 h5 32. Rf3 Rf5 33.
Rb3 Rc8 34. Re2 g5 35. Kg2 Kg7 36. Reb2 Rb8 37. h3 Kg6 38. Rd3 Rb6 39. Rdb3 Rd5
40. Re3 b4 41. axb4 axb4 42. Re4 b3 43. Re3 Rdb5 44. Kf3 Kf6 45. Kg2 Rb4 46.
Kf3 Kg6 47. g4 f6 48. Kg3 f5 49. gxf5+ Kxf5 50. Kf3 g4+ 51. hxg4+ hxg4+ 52. Kg2
Kf4 53. Kf1 Rb8 54. Kg2 R4b7 55. Kf1 Rb5 56. Kg2 Kg5 57. Kf1 Kf4 1/2-1/2

[Event "BL 1617 SV Mülheim Nord - Bayern Münc"]
[Site "?"]
[Date "2016.12.03"]
[Round "5.1"]
[White "Bischoff, Klaus"]
[Black "Fridman, Daniel"]
[Result "1/2-1/2"]
[WhiteElo "2504"]
[BlackElo "2596"]
[PlyCount "47"]
[EventDate "2016.??.??"]

1. c4 e6 2. Nc3 d5 3. d4 Nf6 4. cxd5 exd5 5. Bg5 c6 6. e3 Nbd7 7. Bd3 Be7 8. h3
Nf8 9. Qc2 Ne6 10. Bh4 g6 11. Nge2 O-O 12. O-O-O b5 13. Kb1 a5 14. f4 Ng7 15.
g4 Re8 16. f5 b4 17. Na4 Ne4 18. Bxe7 Qxe7 19. fxg6 hxg6 20. Nc1 Bd7 21. Bxe4
Qxe4 22. Nc5 Qxc2+ 23. Kxc2 Bc8 24. Kd2 1/2-1/2

[Event "BL 1617 SV Mülheim Nord - Bayern Münc"]
[Site "?"]
[Date "2016.12.03"]
[Round "5.2"]
[White "Landa, Konstantin"]
[Black "Fedorovsky, Michael"]
[Result "1-0"]
[WhiteElo "2612"]
[BlackElo "2472"]
[PlyCount "47"]
[EventDate "2016.??.??"]

1. d4 Nf6 2. c4 g6 3. Nc3 d5 4. Bg5 Bg7 5. Bxf6 Bxf6 6. cxd5 c6 7. e4 Bg7 8.
Nf3 cxd5 9. Bb5+ Bd7 10. Bxd7+ Qxd7 11. exd5 O-O 12. O-O Na6 13. Qb3 Rab8 14.
Rfe1 Nc7 15. Ne5 Qd6 16. Rac1 Qd8 17. h4 e6 18. dxe6 Nxe6 19. Nxf7 Rxf7 20.
Qxe6 Qxh4 21. Ne4 Bxd4 22. Re2 Kg7 23. Rc4 Rd8 24. Rxd4 1-0